Los descubridores del Amazonas: la expedición de Orellana

Salvato in:
Dettagli Bibliografici
Autore principale: Benítez Vinueza, Leopoldo (Autore)
Natura: Libro
Lingua:spagnolo
Pubblicazione: Madrid Cultura Hispánica 1976
Soggetti:
Tags: Aggiungi Tag
Nessun Tag, puoi essere il primo ad aggiungerne!!

MARC

LEADER 00000nam a2200000 a 4500
001 UCP7899
003 CL-VaPUC
008 000106e19760000SP |||||||||||||||||spa|d
082 0 4 |a 910.481  |b BEN  |2 21 
100 0 |a Benítez Vinueza, Leopoldo  |e author  |9 437589 
245 1 4 |a Los descubridores del Amazonas: la expedición de Orellana 
300 |a 209 p 
942 |c BK 
945 |d 20000106 00:00:00  |a rherrera 
260 |a Madrid  |b Cultura Hispánica  |c 1976 
600 0 7 |a ORELLANA, FRANCISCO DE  |2 CL-VaPUC  |9 268856 
650 7 |a EXPEDICIONES  |2 CL-VaPUC  |9 268484 
650 7 |a EXPLORACIONES  |2 CL-VaPUC  |9 371735 
650 0 |a Viajes  |9 257115 
650 0 |a Relatos  |9 369412 
651 7 |a AMAZONIA  |2 CL-VaPUC  |9 317804 
583 |a last modification  |c 20180611 12:59:52  |k Rodrigo Vera 
999 |c 284936  |d 284934 
952 |0 0  |1 0  |4 0  |6 910_481000000000000_BEN_1976  |7 0  |8 A  |9 329249  |a BIBHIS  |b BIBHIS  |d 2019-11-20  |i 1376152  |o 910.481 BEN 1976  |p 1376152  |r 2025-01-20  |w 2019-11-20  |y BK  |k HIS